000 00480nam a2200181Ia 4500
008 230524s9999 xx 000 0 und d
020 _a817446414X
082 _a658.12
_bRAO
100 _aT V Rao
245 0 _a360 Degree Feedback and Assessment & Development Centres : Volume 3
250 _a2ND
260 _aNEW DELHI
_bExcel
_c2008
300 _aVIII;310
500 _aQuantity Number: 3
650 _aManagement
700 _a Nandini Chawla ((Editors)
942 _cBK
999 _c45991
_d45991